| 000 | 00517cam a2200181ua 4500 | ||
|---|---|---|---|
| 001 | 12312 | ||
| 008 | 171230n II |||gr||||Z||||||eng | ||
| 040 | _aMAIN | ||
| 041 | _aEnglish | ||
| 082 | _a100.54 CHA | ||
| 245 | _aAN INTRODUCTION TO INDIAN PHILOSOPHY | ||
| 250 | _a8TH REP. | ||
| 260 |
_aCALCUTTA: _bUNIVERSITY OF CALCUTTA, _c1984. |
||
| 300 |
_a437: _c20CM. |
||
| 500 | _aDonated by Jugal Agarwala, Mahadevi Pharmacy,Sibsagar on 05.12.2017 | ||
| 700 |
_aCHATTERJEE, SATISH CHANDRA , _eAUTHOR. |
||
| 942 | _cBK | ||
| 999 |
_c12207 _d12207 |
||